Sechsergruppen #2 - Statistiken

Allgemein
  • Dieses Quiz wurde 7.038 mal gespielt
    6.959 seit der letzten Aktualisierung
  • Das Durchschnittsergebnis liegt bei 21 aus 48
Antwortstatistiken
Gruppe Antwort % Korrekt
Offizielle Sprachen der UNO Englisch
95%
Offizielle Sprachen der UNO Spanisch
90%
Längster Fluss auf jedem Kontinent Nil
89%
Offizielle Sprachen der UNO Französisch
88%
Längster Fluss auf jedem Kontinent Amazonas
86%
Nachbarländer Südafrikas Lesotho
76%
Nachbarländer Südafrikas Namibia
74%
Nachbarländer Südafrikas Eswatini
70%
Megastädte Indiens Mumbai
70%
Megastädte Indiens Delhi
69%
Nachbarländer Südafrikas Botswana
67%
Längster Fluss auf jedem Kontinent Wolga
67%
Nachbarländer Südafrikas Mosambik
63%
Offizielle Sprachen der UNO Russisch
61%
Offizielle Sprachen der UNO Mandarin
60%
Längster Fluss auf jedem Kontinent Mississippi | Missouri
60%
Nachbarländer Südafrikas Simbabwe
60%
Offizielle Sprachen der UNO Arabisch
50%
US-Staaten in den Rocky Mountains Utah
50%
Die größten Meere/Unterteilungen im östlichen Mittelmeer Adriatisches
49%
US-Staaten in den Rocky Mountains Colorado
49%
Staaten von Australien Queensland
47%
US-Staaten in den Rocky Mountains Montana
45%
Staaten von Australien South Australia
44%
Staaten von Australien Western Australia
44%
Staaten von Australien New South Wales
43%
US-Staaten in den Rocky Mountains Idaho
40%
US-Staaten in den Rocky Mountains Wyoming
40%
Megastädte Indiens Kalkutta
36%
Längster Fluss auf jedem Kontinent Jangtsekiang
33%
Die größten Meere/Unterteilungen im östlichen Mittelmeer Ägäisches
32%
Staaten von Australien Tasmanien
31%
Staaten von Australien Victoria
29%
US-Staaten in den Rocky Mountains New Mexico
26%
Megastädte Indiens Bengaluru
22%
Könige Preußens, die nicht deutscher Kaiser waren Friedrich I.
21%
Könige Preußens, die nicht deutscher Kaiser waren Friedrich II.
20%
Megastädte Indiens Chennai
18%
Megastädte Indiens Hyderabad
14%
Die größten Meere/Unterteilungen im östlichen Mittelmeer Ionisches
14%
Könige Preußens, die nicht deutscher Kaiser waren Friedrich Wilhelm I.
10%
Längster Fluss auf jedem Kontinent Murray
10%
Könige Preußens, die nicht deutscher Kaiser waren Friedrich Wilhelm II.
9%
Könige Preußens, die nicht deutscher Kaiser waren Friedrich Wilhelm III.
8%
Könige Preußens, die nicht deutscher Kaiser waren Friedrich Wilhelm IV.
8%
Die größten Meere/Unterteilungen im östlichen Mittelmeer Marmara
8%
Die größten Meere/Unterteilungen im östlichen Mittelmeer Levantisches
4%
Die größten Meere/Unterteilungen im östlichen Mittelmeer Libysches
3%
Keine übereinstimmenden Quizze gefunden
Verteilung der Resultate
Anzahl Personen mit jedem Resultat
Perzentil nach korrekt beantworteten Fragen
Ihre Resultats-Entwicklung
Sie haben dieses Quiz seit der letzten Aktualisierung nicht gespielt